MARC

LEADER 00000nam0a2200000 4500
001 66170
005 20231215094346.0
035 |a (RuTPU)RU\TPU\book\70271 
090 |a 66170 
100 |a 20040723d2005 k y0rusy50 ca 
101 0 |a rus 
102 |a RU 
105 |a a z 101zy 
200 1 |a Электромеханические преобразователи энергии  |e материалы Международной научно-технической конференции, 20-22 октября, 2005, г. Томск  |f Администрация Томской области; Томский политехнический университет; сост. С. В. Ланграф 
210 |a Томск  |c Изд-во ТПУ  |d 2005 
215 |a 440 с.  |c ил. 
320 |a Библиография в конце докладов. 
610 1 |a электромеханика 
610 1 |a электротехнические комплексы 
610 1 |a электротехнические системы 
610 1 |a электротехнические материалы 
610 1 |a электротехнические изделия 
610 1 |a подготовка кадров 
610 1 |a переподготовка 
610 1 |a конференции 
675 |a 621.314.5(063)  |v 3 
702 1 |a Ланграф  |b С. В.  |c специалист в области электротехники  |c доцент Томского политехнического университета, кандидат технических наук  |f 1977-  |g Сергей Владимирович  |3 (RuTPU)RU\TPU\pers\25900  |4 220  |9 11751 
712 0 1 |a Томская область  |b Администрация  |3 (RuTPU)RU\TPU\col\449  |9 23442 
712 0 2 |a Томский политехнический университет  |3 (RuTPU)RU\TPU\col\376 
712 1 2 |a Электромеханические преобразователи энергии  |b Международная научно-техническая конференция  |e Томск  |f 2005 
801 1 |a RU  |b 63413507  |c 20040723  |g PSBO 
801 2 |a RU  |b 63413507  |c 20160120  |g PSBO 
942 |c BK